MARC
| LEADER | 000000000a22000000004500 | ||
|---|---|---|---|
| 001 | 003596 | ||
| 020 | |a 8426425267 | ||
| 041 | 0 | |a spa | |
| 082 | 0 | 4 | |a 863.4 |b R741i |
| 100 | 1 | |a Rojas Mix, Miguel, |d 1952- | |
| 245 | 1 | 3 | |a La isla de los caballos / |c Miguel Rojas Mix. |
| 260 | 1 | |a Barcelona, España : |b Lumen, |c 1984. | |
| 300 | |a 61 páginas : |b ilustraciones (algunas colecciones) | ||
| 650 | 4 | |a LITERATURA ESPAÑOLA | |
| 650 | 4 | |a N0VELA | |
| 999 | |c 10092 |d 10092 | ||
| 942 | |c BK |h 863.4 R741i |2 z | ||



